000 02229cam a22005294i 4500
003 PE-LiUPU
005 20250731165442.0
008 160310s2015 pe a 000 0 spa d
020 _a6124296012
020 _a9786124296017
035 _a(Sirsi) i9786124296017
040 _aPUCPR
_bspa
_cPUCPR
_dPE-LiUPU
049 _aPRUA
082 0 4 _a001.42
_bI6
_220
245 0 0 _aInvestigaciones UNIFÉ /
_cUniversidad Femenina del Sagrado Corazón.
250 _aPrimera Edición.
264 _aLima :
_bUniversidad Femenina del Sagrado Corazón, Centro de Investigación (UNIFÉ),
_c2015.
300 _a204 páginas :
_bilustraciones ;
_c23 centímetros.
336 _atext
_2rdacontent
337 _aunmediated
_2rdamedia
338 _avolume
_2rdacarrier
504 _aBibliografía : páginas 202-204.
505 8 _aEspiritualidad en estudiantes de la Universidad Femenina del Sagrado Corazón, Fernando Elgegren Reátegui, Elizabeth Bazán Gayoso rscj, Rosa Carrasco Ligarda, Eulalia Calvo Bustamante -- Consumos tecnológicos electronales y sus consecuencias: análisis de la redes sociales y los videojuegos on line, Jerjes Loayza Javier -- La experiencia de los procesos de autoevaluación y acreditación de los institutos de educación superior tecnológica, Mónica Escalante Rivera.
526 _aSEG44
526 _aSEG26
526 _aP151
526 _aP150
526 _aP149
526 _aP146
526 _aP145
526 _aP126
526 _aP125
526 _aP92
526 _aP75
526 _aP74
526 _aP27
526 _aP15
650 1 4 _aEducación superior
_zPerú
_xInvestigaciones.
710 2 _aUniversidad Femenina del Sagrado Corazón.
_bCentro de Investigación.
910 _ajck
_bncf
_cncf
_d20160804
942 _2ddc
_cBOOK
949 _a001.42 I6
_wDEWEY
_c1
_i74314
_lCCODEBUL1
_mBUL
_p10.00
_r0
_sY
_tBOOK
_u2016-8-4
_xFCE
_0COMPRA
_o.STAFF. Colección General
994 _aC0
_bPEPRU
596 _a1
999 _a001.42 I6
_wDEWEY
_c11740
_i74314
_f2021-11-4
_g7
_lCCODEBUL1
_mBUL
_p10.00
_r0
_sY
_tBOOK
_u2016-8-4
_xBIBLIOTECA
_PP04
_0COMPRA
_o.STAFF. Colección General
_d11740
980 _81
_gALBERTO SANCHEZ Responsable de Automatización